000 01141nam a22002777a 4500
001 BD-DhSAU 8959
003 BD-DhSAU
005 20150703091107.0
008 150612b2007 bg a||||r|||| 000 0 eng d
040 _aBD-DhSAU
082 _222
_a635
_bSh114
100 _aShabnam, Mst. Dilruba
_eRegistration No. # 27464/00665
245 _aEffect of mulching and potassium on growth and yield of broccoli (brassica oleraceae var. italica l.) /
_bMS thesis
_cby Mst. Dilruba Shabnam
260 _aSher-e- Bangla Agricultural University :
_bDepartment of Horticulture and Postharvest Technology,
_c2007.
300 _ax, 100 p. :
_bill. ,
_c30 cm.
500 _aMS thesis of Department of Horticulture and Postharvest Technology, Faculty of Agriculture, Sher-e-Bangla Agricultural University, Dhaka, Bangladesh
590 _ajoy
650 _aHorticulture
650 _aPostharvest Technology
650 _aBroccoli
650 _abrassica oleraceae var. italica l.
700 _aAkand, Md. Hassanuzzaman
_eSupervisor
700 _aAmin, Md. Ruhul
_eCo-Supervisor
856 _yContact with librarian for softcopy.
942 _2ddc
_cTHESIS
999 _c8959
_d8959